[Event "PNWCC Online blitz JP 10th"]
[Site "Chess.com INT"]
[Date "2020.05.16"]
[Round "2"]
[White "Kolay, Alex"]
[Black "Karthik, Dhruv"]
[Result "1-0"]
[WhiteElo "2208"]
[BlackElo "1467"]
[PlyCount "87"]
[EventDate "2020.05.16"]
[EventType "swiss (blitz)"]
[EventRounds "11"]
[EventCountry "USA"]
[SourceTitle "CBM 196 Extra"]
[Source "ChessBase"]
[SourceDate "2020.07.31"]
[SourceVersion "1"]
[SourceVersionDate "2020.07.31"]
[SourceQuality "1"]

1. d4 d5 2. c4 e6 3. Nc3 Nf6 4. cxd5 Nxd5 5. e4 Nxc3 6. bxc3 c5 7. Nf3 cxd4 8. cxd4 Bb4+ 9. Bd2 Bxd2+ 10. Qxd2 0-0 11. Bc4 b6 12. 0-0 Bb7 13. Rfe1 Nd7 14. Rad1 Nf6 15. Bd3 Rc8 16. h3 Qe7 17. e5 Nd5 18. Ng5 h6 19. Ne4 Nb4 20. Nd6 Nxd3 21. Nxc8 Rxc8 22. Qxd3 Qg5 23. f3 Bd5 24. Qe3 Qxe3+ 25. Rxe3 Rc2 26. a3 Rc4 27. Kf2 Kf8 28. Ke1 Ke7 29. Red3 Kd7 30. Kd2 Kc6 31. Rc1 b5 32. Rdc3 Kb6 33. Rxc4 bxc4 34. Rb1+ Kc7 35. Kc3 a6 36. Rb4 g6 37. Rxc4+ Bxc4 38. Kxc4 Kc6 39. f4 a5 40. a4 h5 41. g4 h4 42. g5 Kb6 43. d5 exd5+ 44. Kxd5 1-0

[Event "PNWCC Online blitz JP 8th"]
[Site "Chess.com INT"]
[Date "2020.05.02"]
[Round "2"]
[White "Drygalov, Andrey"]
[Black "Karthik, Dhruv"]
[Result "1-0"]
[WhiteElo "2495"]
[BlackElo "1467"]
[PlyCount "35"]
[EventDate "2020.05.02"]
[EventType "swiss (blitz)"]
[EventRounds "11"]
[EventCountry "USA"]
[SourceTitle "CBM 195 Extra"]
[Source "ChessBase"]
[SourceDate "2020.05.31"]
[SourceVersion "1"]
[SourceVersionDate "2020.05.31"]
[SourceQuality "1"]

1. e4 e6 2. d4 d5 3. Nd2 Nf6 4. e5 Nfd7 5. Bd3 c5 6. c3 Nc6 7. Ne2 cxd4 8. cxd4 f6 9. exf6 Nxf6 10. Nf3 Bd6 11. 0-0 Qc7 12. Nc3 0-0 13. Nb5 Qb8 14. Nxd6 Qxd6 15. h3 Nh5 16. Ng5 g6 17. Nxh7 Kxh7 18. Qxh5+ 1-0

[Event "PNWCC Online blitz JP 8th"]
[Site "Chess.com INT"]
[Date "2020.05.02"]
[Round "10"]
[White "Ho, Cooper"]
[Black "Karthik, Dhruv"]
[Result "1-0"]
[WhiteElo "1663"]
[BlackElo "1467"]
[PlyCount "35"]
[EventDate "2020.05.02"]
[EventType "swiss (blitz)"]
[EventRounds "11"]
[EventCountry "USA"]
[SourceTitle "CBM 195 Extra"]
[Source "ChessBase"]
[SourceDate "2020.05.31"]
[SourceVersion "1"]
[SourceVersionDate "2020.05.31"]
[SourceQuality "1"]

1. e4 e6 2. d4 d5 3. Nc3 Bb4 4. e5 Ne7 5. a3 Bxc3+ 6. bxc3 c5 7. Qg4 Qc7 8. Qxg7 Rg8 9. Qxh7 cxd4 10. Ne2 dxc3 11. f4 Nbc6 12. Qd3 d4 13. Nxd4 Nxd4 14. Qxd4 Bd7 15. Qf2 Nf5 16. Bd3 Bc6 17. Rg1 Nh4 18. Qxh4 1-0

[Event "PNWCC Online blitz JP 8th"]
[Site "Chess.com INT"]
[Date "2020.05.02"]
[Round "1"]
[White "Karthik, Dhruv"]
[Black "Huzman, Alexander"]
[Result "1/2-1/2"]
[WhiteElo "1467"]
[BlackElo "2562"]
[PlyCount "102"]
[EventDate "2020.05.02"]
[EventType "swiss (blitz)"]
[EventRounds "11"]
[EventCountry "USA"]
[SourceTitle "CBM 195 Extra"]
[Source "ChessBase"]
[SourceDate "2020.05.31"]
[SourceVersion "1"]
[SourceVersionDate "2020.05.31"]
[SourceQuality "1"]

1. d4 Nf6 2. c4 e6 3. Nf3 d5 4. Nc3 c6 5. Bg5 h6 6. Bxf6 Qxf6 7. e3 g6 8. Qc2 Bg7 9. Bd3 Nd7 10. h3 0-0 11. 0-0 dxc4 12. Bxc4 Qe7 13. a3 b6 14. Rac1 Bb7 15. Rfd1 a6 16. Be2 c5 17. d5 exd5 18. Nxd5 Bxd5 19. Rxd5 Nf6 20. Rd2 Ne4 21. Rd5 Rfe8 22. Rcd1 Nf6 23. Rd6 Qc7 24. b4 Ra7 25. bxc5 bxc5 26. Rxa6 Rxa6 27. Bxa6 Ne4 28. Bb5 Re7 29. a4 Bf6 30. Ne1 Kg7 31. Nd3 Nc3 32. Rc1 c4 33. Nf4 Qc5 34. Qd2 Nxb5 35. axb5 Qxb5 36. Qd5 Qb4 37. Qxc4 Qd6 38. Qd5 Qe5 39. Qxe5 Bxe5 40. Nd3 Bf6 41. Nf4 Rd7 42. Kf1 h5 43. Ke2 Be5 44. Nd3 Bf6 45. Nc5 Ra7 46. Rc2 Be7 47. Ne4 Ra5 48. Nd2 Rb5 49. Ne4 Ra5 50. Nd2 Rb5 51. Ne4 Ra5 1/2-1/2

[Event "PNWCC Online blitz JP 8th"]
[Site "Chess.com INT"]
[Date "2020.05.02"]
[Round "9"]
[White "Karthik, Dhruv"]
[Black "Mariappan, Anish"]
[Result "1/2-1/2"]
[WhiteElo "1467"]
[BlackElo "1397"]
[PlyCount "127"]
[EventDate "2020.05.02"]
[EventType "swiss (blitz)"]
[EventRounds "11"]
[EventCountry "USA"]
[SourceTitle "CBM 195 Extra"]
[Source "ChessBase"]
[SourceDate "2020.05.31"]
[SourceVersion "1"]
[SourceVersionDate "2020.05.31"]
[SourceQuality "1"]

1. d4 Nf6 2. c4 e6 3. Nf3 d5 4. Nc3 Be7 5. Bf4 0-0 6. e3 Nbd7 7. c5 b6 8. c6 Nb8 9. Ne5 Bd6 10. Rc1 Ba6 11. Bxa6 Nxa6 12. Nb5 Ne4 13. 0-0 Bxe5 14. Bxe5 f6 15. Bg3 Nxg3 16. hxg3 e5 17. Qa4 Nb8 18. Rfd1 e4 19. Qb3 a6 20. Nxc7 Qxc7 21. Qxd5+ Kh8 22. Qxe4 a5 23. d5 Na6 24. d6 Qd8 25. c7 Qd7 26. Qb7 Nc5 27. Qxb6 Ne6 28. Qb7 Rfc8 29. Qc6 Nf8 30. Rd4 Kg8 31. Qd5+ Kh8 32. f3 Ne6 33. Rh4 Ra7 34. Kf2 Raxc7 35. Rxc7 Nxc7 36. Qe4 f5 37. Qe7 Qxe7 38. dxe7 Re8 39. Rd4 Rxe7 40. Rd8+ Ne8 41. Rd5 g6 42. Rxa5 Kg7 43. b4 Rb7 44. b5 Nd6 45. a4 Re7 46. Ra6 Nc4 47. a5 Nxe3 48. b6 Nd5 49. Ra7 Rxa7 50. bxa7 Nc7 51. Ke3 Kf7 52. Kd4 Ke7 53. Kc5 Kd7 54. Kb6 Kc8 55. a6 h6 56. g4 fxg4 57. fxg4 h5 58. gxh5 gxh5 59. Kc6 Na8 60. g3 Nc7 61. Kb6 Na8+ 62. Kc6 Nc7 63. Kb6 Na8+ 64. Kc6 1/2-1/2